| 000 | 01036nam a22002771u 4500 | ||
|---|---|---|---|
| 001 | 04332 | ||
| 003 | HDC | ||
| 007 | cr bn --- | ||
| 008 | 21011662006 xx engy | ||
| 040 | _aHDC | ||
| 110 |
_aAsian and Pacific Council. _bFood & Fertilizer Technology Center |
||
| 245 | 0 |
_aFFTC Annual Report 2006 : _bDevelopment of database (APASD) for biological invasion |
|
| 246 |
_aFFTC annual report _aAnnual Report - Food and Fertilizer Technology Center for the Asian and Pacific Region |
||
| 260 |
_a[No Place] : _b[publisher not identified], _c2006 |
||
| 300 | _a3 pages | ||
| 336 |
_atext _2rdacontent |
||
| 337 |
_acomputer _2rdamedia |
||
| 338 |
_aonline resource _2rdacarrier |
||
| 650 |
_aAgriculture _91238 |
||
| 650 |
_aFertilizers _92801 |
||
| 650 |
_aFood supply _93374 |
||
| 856 | _zRequest full-text at [email protected] | ||
| 942 | _2lcc | ||
| 942 | _cEIS | ||
| 942 | _kAREP 000129 | ||
| 999 |
_c1657 _d1657 |
||